[Event "Jugend WM U20"]
[Site "Istanbul"]
[Date "2005.11.18"]
[Round "9.19"]
[White "Jessel, Stephen"]
[Black "Sanikidze, Tornike"]
[Result "0-1"]
[WhiteElo "2304"]
[BlackElo "2411"]
[PlyCount "68"]
[EventDate "2005.11.??"]
[EventType "swiss"]
[EventRounds "13"]
[EventCountry "TUR"]
[Source "Reinhold Goldau"]
[SourceDate "2000.03.01"]

1. e4 e5 2. Nf3 Nc6 3. Bc4 Nf6 4. d3 Be7 5. O-O O-O 6. Bb3 d6 7. c3 h6 8. Nbd2
Kh8 9. Re1 Nh7 10. d4 Ng5 11. h3 Bf6 12. Nxg5 Bxg5 13. Nf3 Bxc1 14. Qxc1 Qf6
15. Qe3 Ne7 16. Kh2 Ng6 17. Rad1 a5 18. a3 a4 19. Bc2 Ra5 20. dxe5 dxe5 21. Rd5
Ra6 22. Rb5 Rd6 23. Rd1 Rxd1 24. Bxd1 c6 25. Rb4 b5 26. c4 Rd8 27. Be2 Nf4 28.
cxb5 Nxe2 29. Qxe2 cxb5 30. Qxb5 Qf4+ 31. Kh1 Rd1+ 32. Ng1 Qxf2 33. Qb6 Rxg1+
34. Kh2 Qxg2# 0-1

[Event "Jugend WM U20"]
[Site "Istanbul"]
[Date "2005.11.18"]
[Round "9.20"]
[White "Kvon, Andrey"]
[Black "Sengupta, Deep"]
[Result "1/2-1/2"]
[WhiteElo "2293"]
[BlackElo "2400"]
[PlyCount "78"]
[EventDate "2005.11.??"]
[EventType "swiss"]
[EventRounds "13"]
[EventCountry "TUR"]
[Source "Reinhold Goldau"]
[SourceDate "2000.03.01"]

1. e4 e6 2. d4 d5 3. Nc3 Bb4 4. e5 Ne7 5. a3 Bxc3+ 6. bxc3 c5 7. Nf3 Qc7 8. a4
b6 9. Bb5+ Bd7 10. O-O Bxb5 11. axb5 a5 12. bxa6 Rxa6 13. Rxa6 Nxa6 14. Qe2 c4
15. Ba3 O-O 16. Qd1 Ra8 17. Qb1 Nc6 18. Bd6 Qb7 19. Qb2 Nab8 20. Ng5 h6 21. Nh3
Ra4 22. f4 Qa7 23. f5 exf5 24. Nf4 Qa5 25. Rb1 Nd7 26. Qb5 Ra1 27. Kf2 Rxb1 28.
Qxb1 Qxc3 29. Ne2 Qa5 30. c3 g6 31. h4 h5 32. Qc1 Nd8 33. Nf4 b5 34. Nxd5 Qa2+
35. Kf1 Kh7 36. Qg5 Qa8 37. Qe7 Qxd5 38. Qxd8 Qe4 39. Qxd7 Qd3+ 1/2-1/2

[Event "Jugend WM U20"]
[Site "Istanbul"]
[Date "2005.11.18"]
[Round "9.21"]
[White "Xie, George Wendi"]
[Black "Babujian, Levon"]
[Result "1-0"]
[WhiteElo "2340"]
[BlackElo "2429"]
[PlyCount "55"]
[EventDate "2005.11.??"]
[EventType "swiss"]
[EventRounds "13"]
[EventCountry "TUR"]
[Source "Reinhold Goldau"]
[SourceDate "2000.03.01"]

1. d4 Nf6 2. Nc3 d5 3. Bg5 Nbd7 4. Qd3 h6 5. Bxf6 Nxf6 6. e4 dxe4 7. Nxe4 Nxe4
8. Qxe4 e6 9. Bc4 Bd6 10. Nf3 Rb8 11. O-O O-O 12. Ne5 Bxe5 13. dxe5 b6 14. Bd3
g6 15. Qf4 Qg5 16. Qxg5 hxg5 17. Rae1 Bb7 18. Re3 c5 19. Rg3 Rfd8 20. Rxg5 Rd4
21. b3 Be4 22. Bxe4 Rxe4 23. Rd1 Re2 24. h4 Kg7 25. h5 Kh6 26. f4 gxh5 27. Rd3
Re1+ 28. Kh2 1-0

[Event "Jugend WM U20"]
[Site "Istanbul"]
[Date "2005.11.18"]
[Round "9.22"]
[White "Carron, Julien"]
[Black "Kurnosov, Igor"]
[Result "0-1"]
[WhiteElo "2314"]
[BlackElo "2523"]
[PlyCount "84"]
[EventDate "2005.11.??"]
[EventType "swiss"]
[EventRounds "13"]
[EventCountry "TUR"]
[Source "Reinhold Goldau"]
[SourceDate "2000.03.01"]

1. d4 g6 2. c4 Bg7 3. Nf3 c5 4. d5 d6 5. e4 e6 6. Be2 exd5 7. cxd5 Ne7 8. O-O
O-O 9. Nc3 Bg4 10. Be3 Bxf3 11. Bxf3 Nd7 12. Qd2 f5 13. Bg5 Ne5 14. Be2 a6 15.
a4 Nf7 16. Bxe7 Qxe7 17. exf5 gxf5 18. Rae1 Qh4 19. f4 Bd4+ 20. Kh1 Bf2 21. Ra1
Rae8 22. Bd3 Be3 23. Qe1 Qf6 24. Qg3+ Kh8 25. Rae1 Bd2 26. Re2 Rxe2 27. Bxe2
Nh6 28. h3 Qd4 29. Qg5 Ng8 30. Rf3 Qf6 31. Qg3 Ne7 32. Rd3 Bc1 33. b3 Ng6 34.
Rf3 Bxf4 35. Qf2 Qd4 36. Qf1 Be5 37. Bc4 Kg7 38. Ne2 Qe4 39. Bd3 Qxd5 40. Bxf5
Nh4 41. Rf2 Qf7 42. g4 Qxb3 0-1

[Event "Jugend WM U20"]
[Site "Istanbul"]
[Date "2005.11.18"]
[Round "9.23"]
[White "Moradiabadi, Elshan"]
[Black "El Debs, Felipe De Cresce"]
[Result "0-1"]
[WhiteElo "2497"]
[BlackElo "2341"]
[PlyCount "74"]
[EventDate "2005.11.??"]
[EventType "swiss"]
[EventRounds "13"]
[EventCountry "TUR"]
[Source "Reinhold Goldau"]
[SourceDate "2000.03.01"]

1. Nf3 c5 2. e4 Nc6 3. Bb5 g6 4. O-O Bg7 5. Bxc6 dxc6 6. h3 e5 7. d3 Qe7 8. Be3
Nf6 9. Nc3 Nd7 10. Qd2 Nf8 11. Bh6 f6 12. Bxg7 Qxg7 13. Ne2 Ne6 14. c3 O-O 15.
d4 cxd4 16. cxd4 exd4 17. Nexd4 Nxd4 18. Nxd4 f5 19. e5 Qxe5 20. Rfe1 Qf6 21.
Qb4 b6 22. Qc4+ Qf7 23. Qxf7+ Rxf7 24. Nxc6 Bb7 25. Ne5 Re7 26. f4 Rc8 27. Re2
g5 28. fxg5 Rce8 29. Rae1 Ba6 30. Re3 f4 31. Re4 Bd3 32. Nxd3 Rxe4 33. Rc1 Rd4
34. Nf2 Rd2 35. Ng4 Ree2 36. Rc7 Rxg2+ 37. Kh1 Rge2 0-1

[Event "Jugend WM U20"]
[Site "Istanbul"]
[Date "2005.11.18"]
[Round "9.24"]
[White "Stander, Heinrich"]
[Black "Barnaure, Vlad-Victor"]
[Result "0-1"]
[WhiteElo "2128"]
[BlackElo "2454"]
[PlyCount "92"]
[EventDate "2005.11.??"]
[EventType "swiss"]
[EventRounds "13"]
[EventCountry "TUR"]
[Source "Reinhold Goldau"]
[SourceDate "2000.03.01"]

1. c4 Nf6 2. Nc3 e6 3. g3 d5 4. cxd5 exd5 5. d4 c6 6. Bg2 Bd6 7. Nf3 Bf5 8. Bf4
Bxf4 9. gxf4 O-O 10. O-O Na6 11. e3 Nc7 12. Ne5 Nfe8 13. Rc1 Nd6 14. b3 Qe7 15.
Ne2 f6 16. Nf3 a5 17. Ng3 Bg4 18. h3 Bxf3 19. Bxf3 f5 20. Bg2 a4 21. bxa4 Ra6
22. Qc2 Na8 23. Rfe1 Nb6 24. Bf1 Raa8 25. Rb1 Nbc4 26. Rb3 g6 27. Rc3 Ra5 28.
Rb1 Rfa8 29. Rb4 b5 30. axb5 Rxa2 31. Qd1 cxb5 32. Rb1 R8a5 33. Qf3 Ne4 34.
Nxe4 Qxe4 35. Qxe4 fxe4 36. h4 Kf7 37. Bh3 Ke7 38. f5 gxf5 39. Bxf5 h6 40. Rb4
R2a4 41. Rcb3 Nd2 42. Rxb5 Nf3+ 43. Kf1 Rxb5 44. Rxb5 Ra1+ 45. Kg2 Nxh4+ 46.
Kh2 Nxf5 0-1

[Event "Jugend WM U20"]
[Site "Istanbul"]
[Date "2005.11.18"]
[Round "9.25"]
[White "Kuderinov, Kirill"]
[Black "Jojua, Davit"]
[Result "0-1"]
[WhiteElo "2432"]
[BlackElo "2337"]
[PlyCount "76"]
[EventDate "2005.11.??"]
[EventType "swiss"]
[EventRounds "13"]
[EventCountry "TUR"]
[Source "Reinhold Goldau"]
[SourceDate "2000.03.01"]

1. e4 c5 2. Nf3 d6 3. d4 cxd4 4. Nxd4 Nf6 5. Nc3 Nc6 6. Bc4 e6 7. Bb3 a6 8. O-O
Qc7 9. Bg5 Be7 10. Kh1 O-O 11. f4 h6 12. Bxf6 Bxf6 13. Nce2 Re8 14. c3 Na5 15.
Ng3 Nxb3 16. axb3 e5 17. Ndf5 exf4 18. Nh5 Be5 19. Qg4 Kh7 20. Qh4 g6 21. Nxh6
Qe7 22. Qf2 Kxh6 23. Nxf4 Be6 24. Qe3 Kg7 25. Rf3 Bxf4 26. Rxf4 Bxb3 27. Raf1
Qe5 28. Qb6 Bc4 29. Qxb7 Rf8 30. R1f2 Rab8 31. Qc6 Be6 32. Qxa6 Rxb2 33. Rxf7+
Rxf7 34. Rxb2 Qxe4 35. h3 Qe1+ 36. Kh2 Rf1 37. Qb7+ Bf7 38. g3 d5 0-1

[Event "Jugend WM U20"]
[Site "Istanbul"]
[Date "2005.11.18"]
[Round "9.26"]
[White "Zeynalov, Farid"]
[Black "Papin, Vasily"]
[Result "1/2-1/2"]
[WhiteElo "2179"]
[BlackElo "2425"]
[PlyCount "73"]
[EventDate "2005.11.??"]
[EventType "swiss"]
[EventRounds "13"]
[EventCountry "TUR"]
[Source "Reinhold Goldau"]
[SourceDate "2000.03.01"]

1. d4 Nf6 2. c4 e6 3. Nf3 b6 4. g3 Ba6 5. b3 Bb7 6. Bg2 Bb4+ 7. Bd2 a5 8. O-O
O-O 9. Nc3 d6 10. Qc2 Nbd7 11. Ne1 Bxg2 12. Nxg2 Qb8 13. e4 b5 14. cxb5 Bxc3
15. Bxc3 Qxb5 16. Rfe1 Rfc8 17. Qe2 Qb7 18. f3 d5 19. Rad1 c5 20. exd5 Nxd5 21.
Ba1 cxd4 22. Rxd4 e5 23. Rd2 f6 24. Red1 N7b6 25. Qe4 Qa7 26. Kh1 Nc3 27. Bxc3
Rxc3 28. Ne3 Rf8 29. Rd3 Qc7 30. Nd5 Nxd5 31. Qxd5+ Kh8 32. Rxc3 Qxc3 33. Qd3
Qc6 34. Qd5 Qc2 35. Qd2 Qf5 36. Qd3 Qc8 37. Qd7 1/2-1/2

[Event "Jugend WM U20"]
[Site "Istanbul"]
[Date "2005.11.18"]
[Round "9.27"]
[White "Rohit, Gogineni"]
[Black "Nava, Roderick"]
[Result "1/2-1/2"]
[WhiteElo "2401"]
[BlackElo "2317"]
[PlyCount "104"]
[EventDate "2005.11.??"]
[EventType "swiss"]
[EventRounds "13"]
[EventCountry "TUR"]
[Source "Reinhold Goldau"]
[SourceDate "2000.03.01"]

1. e4 c5 2. Nf3 d6 3. d4 cxd4 4. Nxd4 Nf6 5. Nc3 a6 6. Be3 e6 7. Be2 Qc7 8. f4
b5 9. a3 Bb7 10. Bf3 Nbd7 11. Qe2 e5 12. Nf5 g6 13. fxe5 dxe5 14. Nh6 Bc5 15.
O-O Bxe3+ 16. Qxe3 Qb6 17. Qxb6 Nxb6 18. Be2 Ke7 19. Rf2 Rhf8 20. Raf1 Nbd7 21.
Bd3 Ke6 22. g4 Rae8 23. g5 Nh5 24. Rxf7 Nf4 25. Rxh7 Nc5 26. Rf3 Bc6 27. Rg7
Kd6 28. Rg3 Ncxd3 29. Rxd3+ Nxd3 30. Rxg6+ Kc5 31. cxd3 Bb7 32. Nf5 a5 33. Na2
b4 34. axb4+ axb4 35. Nc1 Bd5 36. Ra6 Bg8 37. g6 Ra8 38. d4+ exd4 39. Nd3+ Kc4
40. Ne5+ Kb3 41. Nxd4+ Kxb2 42. Rc6 b3 43. Nd3+ Ka1 44. h4 Rfd8 45. Nxb3+ Bxb3
46. Rc1+ Ka2 47. Nf4 Re8 48. Re1 Bc2 49. Nd5 Re5 50. Nf6 Re6 51. Rf1 Bxe4 52.
g7 Re7 1/2-1/2

[Event "Jugend WM U20"]
[Site "Istanbul"]
[Date "2005.11.18"]
[Round "9.28"]
[White "Wei, Chenpeng"]
[Black "Maenhout, Thibaut"]
[Result "0-1"]
[WhiteElo "2390"]
[BlackElo "2282"]
[PlyCount "146"]
[EventDate "2005.11.??"]
[EventType "swiss"]
[EventRounds "13"]
[EventCountry "TUR"]
[Source "Reinhold Goldau"]
[SourceDate "2000.03.01"]

1. e4 c5 2. Nf3 d6 3. d4 cxd4 4. Nxd4 Nf6 5. Nc3 a6 6. Be3 e5 7. Nb3 Be6 8. f3
Nbd7 9. g4 Nb6 10. g5 Nh5 11. Qd2 Be7 12. O-O-O O-O 13. Kb1 g6 14. Rg1 Qc7 15.
Qf2 Nc4 16. Bxc4 Bxc4 17. Nd5 Bxd5 18. exd5 f6 19. gxf6 Rxf6 20. Nd2 Raf8 21.
Rg4 Qd7 22. Qg2 Kh8 23. Rg1 Bd8 24. a3 b5 25. Qe2 Rf5 26. Qd3 Qf7 27. a4 Nf6
28. axb5 axb5 29. Rb4 Nxd5 30. Rxb5 Nxe3 31. Qxe3 d5 32. Qb3 Bg5 33. Rb7 Qf6
34. Rd1 Bxd2 35. Rxd2 d4 36. Qa3 Rxf3 37. Qe7 Rf1+ 38. Ka2 Qf7+ 39. Qxf7 R8xf7
40. Rxf7 Rxf7 41. Re2 Re7 42. Kb3 Kg7 43. Kc4 Kf6 44. Kd5 Rd7+ 45. Ke4 Ke6 46.
c3 dxc3 47. bxc3 Rc7 48. Rc2 Rc4+ 49. Kd3 Kd5 50. Ke3 g5 51. Rd2+ Kc5 52. Rc2
h5 53. Rc1 Rh4 54. Rc2 Kc4 55. Rg2 g4 56. Rc2 Kb3 57. Rd2 Kxc3 58. Rg2 Kc4 59.
Rd2 Kc5 60. Ra2 Kd5 61. Rd2+ Ke6 62. Ra2 Kf5 63. Rf2+ Kg5 64. Rg2 Kg6 65. Ke4
Rh3 66. Kxe5 Rf3 67. Ke4 Kg5 68. Re2 Kh4 69. Ra2 Kh3 70. Ra5 h4 71. Ra2 Rf1 72.
Re2 g3 73. hxg3 hxg3 0-1

[Event "Jugend WM U20"]
[Site "Istanbul"]
[Date "2005.11.18"]
[Round "9.30"]
[White "Amanov, Mesgen"]
[Black "Lenic, Luka"]
[Result "0-1"]
[WhiteElo "2273"]
[BlackElo "2476"]
[PlyCount "105"]
[EventDate "2005.11.??"]
[EventType "swiss"]
[EventRounds "13"]
[EventCountry "TUR"]
[Source "Reinhold Goldau"]
[SourceDate "2000.03.01"]

1. d4 Nf6 2. Nf3 g6 3. Bg5 Bg7 4. Nbd2 d6 5. e4 O-O 6. c3 Nbd7 7. Be2 e5 8.
dxe5 dxe5 9. O-O Qe7 10. Qc2 b6 11. Rad1 Bb7 12. Rfe1 h6 13. Bh4 Rfe8 14. Bb5
a6 15. Bxd7 Qxd7 16. Nc4 Qb5 17. b3 Qc5 18. Bxf6 Bxf6 19. Ne3 Rad8 20. b4 Qe7
21. Nd5 Bxd5 22. Rxd5 Rxd5 23. exd5 Qd6 24. Qe4 Bg7 25. Rd1 f5 26. Qc4 b5 27.
Qc5 Rd8 28. Qa7 Qb6 29. Qxb6 cxb6 30. Ne1 e4 31. Nc2 Bxc3 32. Kf1 Be5 33. g3
Rc8 34. Ne3 Bd6 35. Rb1 Rc3 36. Rb2 Kf7 37. Ke2 Kf6 38. Kd2 Rd3+ 39. Ke2 Ke5
40. Rc2 Ra3 41. Kf1 a5 42. bxa5 bxa5 43. Rb2 Bc5 44. Rxb5 Bxe3 45. fxe3 Rxa2
46. h4 a4 47. h5 gxh5 48. d6+ Kxd6 49. Rxf5 a3 50. Rxh5 Rb2 51. Rxh6+ Ke7 52.
Rh4 a2 53. Rxe4+ 0-1

[Event "Jugend WM U20"]
[Site "Istanbul"]
[Date "2005.11.18"]
[Round "9.31"]
[White "Grecescu, Gabriel-Andrei"]
[Black "Ouakhir, Mehdi"]
[Result "1/2-1/2"]
[WhiteElo "2380"]
[BlackElo "2239"]
[PlyCount "49"]
[EventDate "2005.11.??"]
[EventType "swiss"]
[EventRounds "13"]
[EventCountry "TUR"]
[Source "Reinhold Goldau"]
[SourceDate "2000.03.01"]

1. e4 e5 2. Nf3 Nc6 3. Bb5 d6 4. d4 Bd7 5. O-O Nf6 6. Re1 Be7 7. c4 Nxd4 8.
Nxd4 exd4 9. Bxd7+ Nxd7 10. Qxd4 O-O 11. Nc3 Bf6 12. Qd3 Nc5 13. Qc2 Re8 14. f3
Bd4+ 15. Be3 Bxe3+ 16. Rxe3 f5 17. Rae1 fxe4 18. Nxe4 Nxe4 19. Rxe4 Qd7 20. Qd3
c6 21. Kf2 Rxe4 22. Rxe4 Rf8 23. Qe3 Qf5 24. g4 Qf6 25. b3 1/2-1/2

[Event "Jugend WM U20"]
[Site "Istanbul"]
[Date "2005.11.18"]
[Round "9.33"]
[White "Pileckis, Emilis"]
[Black "Tikkanen, Hans"]
[Result "0-1"]
[WhiteElo "2255"]
[BlackElo "2343"]
[PlyCount "80"]
[EventDate "2005.11.??"]
[EventType "swiss"]
[EventRounds "13"]
[EventCountry "TUR"]
[Source "Reinhold Goldau"]
[SourceDate "2000.03.01"]

1. d4 g6 2. c4 Bg7 3. Nc3 d6 4. Nf3 Nf6 5. e4 O-O 6. h3 Nbd7 7. Bg5 e5 8. d5 h6
9. Be3 Nc5 10. Qc2 a5 11. g4 Ne8 12. Rg1 Bd7 13. h4 c6 14. h5 g5 15. Nd2 a4 16.
Bxc5 dxc5 17. Nxa4 cxd5 18. Nxc5 Bxg4 19. cxd5 Qc8 20. Rc1 Bxh5 21. b4 Nd6 22.
Nc4 Nxc4 23. Bxc4 b6 24. Na4 Qe8 25. Nc3 Qe7 26. Qb3 Rfc8 27. Nb5 Bf8 28. a3
Qd7 29. Rg3 Bg6 30. Qc2 Kh7 31. Kf1 g4 32. Qe2 h5 33. Rgc3 h4 34. Bd3 Rxc3 35.
Rxc3 Rc8 36. Rxc8 Qxc8 37. d6 Qc1+ 38. Qe1 Qf4 39. Qe3 Qh2 40. Qg5 Qh1+ 0-1

[Event "Jugend WM U20"]
[Site "Istanbul"]
[Date "2005.11.18"]
[Round "9.34"]
[White "Macak, Stefan"]
[Black "Moosavian, S Hamed"]
[Result "1-0"]
[WhiteElo "2319"]
[BlackElo "2263"]
[PlyCount "123"]
[EventDate "2005.11.??"]
[EventType "swiss"]
[EventRounds "13"]
[EventCountry "TUR"]
[Source "Reinhold Goldau"]
[SourceDate "2000.03.01"]

1. e4 c5 2. Nf3 Nc6 3. d4 cxd4 4. Nxd4 Nf6 5. Nc3 e5 6. Ndb5 d6 7. Bg5 a6 8.
Na3 Be6 9. Nc4 Rc8 10. Bxf6 gxf6 11. Ne3 Bh6 12. Ncd5 Bxe3 13. Nxe3 Qb6 14. b3
Qb4+ 15. Qd2 Qxe4 16. Qxd6 Nb4 17. Bd3 Nxc2+ 18. Bxc2 Rxc2 19. Rd1 Rc8 20. O-O
Qc6 21. Qb4 f5 22. Rfe1 Rg8 23. g3 Rg6 24. Qh4 h6 25. Ng2 Qc5 26. Qh5 Ke7 27.
Nh4 Rf6 28. Qe2 e4 29. Qd2 Kf8 30. Ng2 Rg6 31. Nf4 Kg7 32. Rc1 Qf8 33. Rxc8
Qxc8 34. Rc1 Qe8 35. Qd4+ Kh7 36. Nxg6 Kxg6 37. g4 Qb5 38. gxf5+ Qxf5 39. Rc3
Qf4 40. Qb4 b5 41. Rg3+ Kf6 42. Qd4+ Kf5 43. Qc5+ Kf6 44. Rg8 Qf3 45. Qe3 Qd1+
46. Kg2 Kf5 47. Rg3 Bd5 48. h3 f6 49. Rg4 h5 50. Rg7 Ke6 51. Ra7 Qc2 52. Rxa6+
Kf5 53. Qd4 Be6 54. Qe3 Bd5 55. Rb6 Bc6 56. Kg3 Kg6 57. a3 Kf5 58. b4 Kg6 59.
Kh4 Qc4 60. Qc5 Qf1 61. Rxc6 Qg2 62. Qxh5+ 1-0

[Event "Jugend WM U20"]
[Site "Istanbul"]
[Date "2005.11.18"]
[Round "9.35"]
[White "Shlykov, Vitali"]
[Black "Kurmann, Oliver"]
[Result "0-1"]
[WhiteElo "2238"]
[BlackElo "2287"]
[PlyCount "124"]
[EventDate "2005.11.??"]
[EventType "swiss"]
[EventRounds "13"]
[EventCountry "TUR"]
[Source "Reinhold Goldau"]
[SourceDate "2000.03.01"]

1. d4 d5 2. Nf3 Nf6 3. c4 c6 4. cxd5 cxd5 5. Nc3 Nc6 6. Bf4 Nh5 7. Bd2 Nf6 8.
Bf4 Nh5 9. Bg5 h6 10. Bh4 g5 11. Bg3 Nxg3 12. hxg3 Bg7 13. e3 e6 14. Rc1 a6 15.
Bd3 b5 16. a4 b4 17. Ne4 Nxd4 18. Nxd4 Bxd4 19. exd4 dxe4 20. Bxe4 Rb8 21. Rc5
Bb7 22. Bxb7 Rxb7 23. Qc1 Ke7 24. Qc4 a5 25. O-O Rd7 26. Rd1 Rd5 27. Rxd5 Qxd5
28. Qxd5 exd5 29. Rc1 Kd6 30. Rc5 Re8 31. Kf1 Re4 32. Rxa5 Rxd4 33. Rb5 b3 34.
a5 Ra4 35. Ke2 Ra2 36. Rxb3 Rxa5 37. Kd3 f6 38. Rb6+ Ke5 39. Rb8 Ra1 40. Re8+
Kd6 41. Re2 h5 42. Kc3 g4 43. Kd3 Rg1 44. Ke3 Rxg2 45. Kf4 Kc5 46. Rd2 Rg1 47.
Kf5 Re1 48. Kxf6 d4 49. Kg5 Kc4 50. Kxh5 Re4 51. Kg5 d3 52. Kf5 Re2 53. Rd1
Rxf2+ 54. Kxg4 d2 55. b4 Kd3 56. b5 Ke2 57. Rb1 Rf1 58. Rb2 Kd3 59. Rxd2+ Kxd2
60. b6 Ke3 61. Kg5 Kf3 62. g4 Rg1 0-1

[Event "Jugend WM U20"]
[Site "Istanbul"]
[Date "2005.11.18"]
[Round "9.36"]
[White "Akshat, Khamparia"]
[Black "Aleskerov, Faik"]
[Result "0-1"]
[WhiteElo "2275"]
[BlackElo "2321"]
[PlyCount "81"]
[EventDate "2005.11.??"]
[EventType "swiss"]
[EventRounds "13"]
[EventCountry "TUR"]
[Source "Reinhold Goldau"]
[SourceDate "2000.03.01"]

1. d4 c5 2. d5 e5 3. e4 d6 4. Nc3 Be7 5. Bb5+ Bd7 6. Bd3 Bg5 7. Nge2 Bxc1 8.
Qxc1 Nf6 9. Ng3 O-O 10. O-O Ne8 11. f4 exf4 12. Rxf4 Qg5 13. Qd2 Na6 14. Bxa6
bxa6 15. Raf1 Nf6 16. b3 Rac8 17. Nb1 c4 18. b4 c3 19. Nxc3 Rc4 20. Nb1 Qe5 21.
c3 Nxe4 22. Nxe4 Rxe4 23. Rxe4 Qxe4 24. Re1 Qg6 25. Na3 h5 26. c4 a5 27. bxa5
a6 28. Qc3 h4 29. h3 Bf5 30. Qe3 Rb8 31. Kh1 Rb2 32. Re2 Rxe2 33. Qxe2 Be4 34.
c5 Bxd5 35. cxd6 Qxd6 36. Nc4 Qe6 37. Ne3 Qxh3+ 38. Kg1 Qe6 39. Qd2 Bc6 40.
Qd8+ Qe8 41. Qb6 0-1

[Event "Jugend WM U20"]
[Site "Istanbul"]
[Date "2005.11.18"]
[Round "9.38"]
[White "Samakov, Nurdin"]
[Black "Yagiz, Yasin Emrah"]
[Result "1-0"]
[WhiteElo "2209"]
[BlackElo "2206"]
[PlyCount "92"]
[EventDate "2005.11.??"]
[EventType "swiss"]
[EventRounds "13"]
[EventCountry "TUR"]
[Source "Reinhold Goldau"]
[SourceDate "2000.03.01"]

1. e4 e5 2. Nf3 Nc6 3. Bb5 a6 4. Ba4 d6 5. c3 Bd7 6. O-O Nge7 7. d4 Ng6 8. Re1
Be7 9. Nbd2 h6 10. Nf1 Bg5 11. d5 Nb8 12. Bxd7+ Nxd7 13. Be3 Bxe3 14. Nxe3 Nf4
15. g3 Nh3+ 16. Kg2 Ng5 17. Nd2 Qf6 18. h4 Nh7 19. a4 Qg6 20. Nf5 Nhf6 21. Qf3
h5 22. a5 Qh7 23. b4 Ng4 24. c4 g6 25. Ne3 Nh6 26. c5 Ke7 27. c6 Nf6 28. cxb7
Ra7 29. b5 Rxb7 30. bxa6 Ra7 31. Rec1 Rc8 32. Rc6 Nd7 33. Ndc4 Rca8 34. Qe2 Nb8
35. Nb6 Nxc6 36. dxc6 Rb8 37. Ned5+ Kd8 38. Nd7 Rba8 39. Rb1 Ng8 40. Rb7 Ne7
41. Nxe7 Rxa6 42. Nd5 Rxa5 43. Qb2 Rxd5 44. exd5 g5 45. Rb8+ Rxb8 46. Qxb8+ Ke7
1-0

[Event "Jugend WM U20"]
[Site "Istanbul"]
[Date "2005.11.18"]
[Round "9.39"]
[White "Can, Emre"]
[Black "Uzun, Fuat"]
[Result "1/2-1/2"]
[WhiteElo "2287"]
[BlackElo "2070"]
[PlyCount "155"]
[EventDate "2005.11.??"]
[EventType "swiss"]
[EventRounds "13"]
[EventCountry "TUR"]
[Source "Reinhold Goldau"]
[SourceDate "2000.03.01"]

1. e4 Nf6 2. e5 Nd5 3. d4 d6 4. c4 Nb6 5. exd6 exd6 6. Nc3 Be7 7. Nf3 Bf5 8.
Be2 c6 9. O-O O-O 10. b3 Bf6 11. Qd2 Na6 12. Bb2 Nc7 13. Rad1 d5 14. c5 Nd7 15.
h3 Ne6 16. Bd3 Bxd3 17. Qxd3 Qc7 18. Bc1 Rfe8 19. g3 Ndf8 20. Rfe1 Re7 21. Re2
Rae8 22. Rde1 Ng6 23. h4 Nd8 24. h5 Rxe2 25. Rxe2 Rxe2 26. Nxe2 Nf8 27. Bf4 Qd7
28. Be5 Be7 29. Qe3 f6 30. Bf4 Qe6 31. Kg2 Qxe3 32. Bxe3 Nfe6 33. g4 g6 34.
hxg6 hxg6 35. b4 Kf7 36. Nc3 Nc7 37. a4 a6 38. Nd2 Nce6 39. Nb3 f5 40. gxf5
gxf5 41. Kf3 Bf6 42. Ne2 Ke7 43. Ng3 Ng7 44. Bh6 Nde6 45. Ke3 Kd7 46. Ne2 Nh5
47. Nf4 Nhxf4 48. Bxf4 Bd8 49. Be5 Ke7 50. Nc1 Kf7 51. Ne2 Kg6 52. Nc3 Kg5 53.
f4+ Kg4 54. b5 Ba5 55. bxc6 bxc6 56. Nd1 Kg3 57. Nb2 Kg2 58. Nd3 Bc3 59. Bf6
Kg3 60. Be5 Nf8 61. Bf6 Ng6 62. Bg5 Kg4 63. Bf6 Ba5 64. Be5 Nh4 65. Bd6 Nf3 66.
Ne5+ Nxe5 67. dxe5 Kh5 68. e6 Kg6 69. Kd4 Be1 70. Be7 Bf2+ 71. Kd3 Kg7 72. Ke2
Bd4 73. Kd3 Bf6 74. Bd6 Bh4 75. Be5+ Kf8 76. Bd6+ Ke8 77. Kd4 Bf2+ 78. Kd3
1/2-1/2

[Event "Jugend WM U20"]
[Site "Istanbul"]
[Date "2005.11.18"]
[Round "9.41"]
[White "Bekkat, Azeddinne"]
[Black "Agdestein, Emil"]
[Result "1/2-1/2"]
[WhiteElo "2202"]
[BlackElo "2057"]
[PlyCount "62"]
[EventDate "2005.11.??"]
[EventType "swiss"]
[EventRounds "13"]
[EventCountry "TUR"]
[Source "Reinhold Goldau"]
[SourceDate "2000.03.01"]

1. d4 g6 2. c4 Bg7 3. Nc3 d6 4. e4 e5 5. d5 Ne7 6. g4 Nd7 7. Be3 f5 8. gxf5
gxf5 9. Qh5+ Kf8 10. Bh6 Rg8 11. Qh4 Bxh6 12. Qxh6+ Rg7 13. Bh3 Nc5 14. O-O-O
fxe4 15. Kb1 Kg8 16. b4 Nd3 17. Nxe4 Nf4 18. Bxc8 Rxc8 19. Nf3 Nf5 20. Qf6 Qxf6
21. Nxf6+ Kf7 22. Ne4 Rcg8 23. Kb2 Rg2 24. Rd2 R2g7 25. Rc1 Ne7 26. Kb3 h6 27.
c5 Nf5 28. cxd6 cxd6 29. Rc7+ Kg6 30. Rc1 Rf8 31. Ka4 Rff7 1/2-1/2

[Event "Jugend WM U20"]
[Site "Istanbul"]
[Date "2005.11.18"]
[Round "9.44"]
[White "Uesugi, Shinsaku"]
[Black "Tulay, Berkay"]
[Result "0-1"]
[WhiteElo "2040"]
[BlackElo "2179"]
[PlyCount "130"]
[EventDate "2005.11.??"]
[EventType "swiss"]
[EventRounds "13"]
[EventCountry "TUR"]
[Source "Reinhold Goldau"]
[SourceDate "2000.03.01"]

1. e4 c5 2. Nf3 a6 3. d4 cxd4 4. Nxd4 e5 5. Nb3 Nf6 6. Bd3 Be7 7. O-O O-O 8.
Nc3 d6 9. h3 b5 10. a3 Bb7 11. Qe2 Nbd7 12. Rd1 Qc7 13. Be3 Rfe8 14. Qf3 Bf8
15. Bg5 Rac8 16. Rd2 Be7 17. Be3 Rcd8 18. Re1 Nc5 19. Rdd1 Nxd3 20. cxd3 d5 21.
Rc1 Qb8 22. exd5 Nxd5 23. Ne4 Nxe3 24. Qxe3 Bd5 25. Nec5 Qa8 26. f3 h6 27. Qf2
Bf6 28. Nd2 Bc6 29. Nde4 Be7 30. Red1 g6 31. Qe3 Kh7 32. Nf2 Bg5 33. Qe2 f5 34.
Rc2 Rd5 35. b4 Re7 36. Rb1 Re8 37. Rd1 h5 38. Qe1 h4 39. Qc3 Rd6 40. Qe1 Bf4
41. Nh1 Bg5 42. Re2 Bf6 43. Nf2 Qa7 44. f4 Rd5 45. fxe5 Rdxe5 46. Rdd2 Qc7 47.
Nh1 Rxe2 48. Rxe2 Bd4+ 49. Kf1 Qf4+ 50. Nf2 Rxe2 51. Qxe2 Qg3 52. Nh1 Qg5 53.
Nb3 Be3 54. Qc2 Bd5 55. Na5 Qf4+ 56. Nf2 Qh2 57. Ke2 Bxf2 58. Qc8 Qxg2 59. Qc7+
Kh6 60. Qf4+ Kh5 61. Qxf2 Qxf2+ 62. Kxf2 g5 63. Ke3 g4 64. hxg4+ fxg4 65. Kd4
Bf3 0-1

[Event "Jugend WM U20w"]
[Site "Istanbul"]
[Date "2005.11.10"]
[Round "1.1"]
[White "Dzagnidze, Nana"]
[Black "Ortiz, Nadya Karolina"]
[Result "1-0"]
[WhiteElo "2443"]
[BlackElo "2218"]
[PlyCount "45"]
[EventDate "2005.11.??"]
[EventType "swiss"]
[EventRounds "13"]
[EventCountry "TUR"]
[Source "Reinhold Goldau"]
[SourceDate "2000.03.01"]

1. d4 Nf6 2. Nf3 g6 3. c4 Bg7 4. Nc3 d6 5. Bg5 O-O 6. Qd2 c5 7. d5 e6 8. dxe6
Bxe6 9. e4 Nc6 10. Be2 Qa5 11. O-O Nd4 12. Rfd1 Nxe2+ 13. Qxe2 Qb4 14. Rxd6
Bxc4 15. Qd2 Ba6 16. a3 Qb3 17. Qc1 Nxe4 18. Nxe4 Qxb2 19. Qxb2 Bxb2 20. Rb1
Bxa3 21. Bh6 Rfd8 22. Nf6+ Kh8 23. Ng5 1-0

[Event "Jugend WM U20w"]
[Site "Istanbul"]
[Date "2005.11.10"]
[Round "1.3"]
[White "Mongontuul, Bathuyag"]
[Black "Bensdorp, Marlies"]
[Result "1-0"]
[WhiteElo "2408"]
[BlackElo "2199"]
[PlyCount "57"]
[EventDate "2005.11.??"]
[EventType "swiss"]
[EventRounds "13"]
[EventCountry "TUR"]
[Source "Reinhold Goldau"]
[SourceDate "2000.03.01"]

1. e4 e6 2. d4 d5 3. Nd2 Nf6 4. e5 Nfd7 5. f4 c5 6. c3 Nc6 7. Ndf3 Be7 8. Bd3
f5 9. Ne2 Qb6 10. O-O O-O 11. a3 a5 12. b3 g6 13. Kh1 cxd4 14. cxd4 Qc7 15. Rg1
b6 16. g4 Ba6 17. gxf5 Bxd3 18. Qxd3 Rxf5 19. Ng3 Rff8 20. f5 exf5 21. Nxf5 Kh8
22. N5h4 Rg8 23. Bg5 Nf8 24. Rac1 Bxg5 25. Nxg5 Qd7 26. Rcf1 Nd8 27. Rxf8 Rxf8
28. Nxh7 Rf5 29. Nxg6+ 1-0